[Event "FIDE World Blitz 2014"]
[Site "Dubai UAE"]
[Date "2014.06.20"]
[Round "21.20"]
[White "Zhigalko, Sergei"]
[Black "Van Wely, Loek"]
[Result "1/2-1/2"]
[WhiteTitle "GM"]
[BlackTitle "GM"]
[WhiteElo "2678"]
[BlackElo "2654"]
[WhiteFideId "13502956"]
[BlackFideId "1000268"]
[EventDate "2014.06.19"]

1. e4 c5 2. Nf3 e6 3. c3 Nf6 4. e5 Nd5 5. Bc4 d6 6. d4 cxd4 7. cxd4 Nb6 8. Bd3
dxe5 9. dxe5 Na6 10. O-O Nc5 11. Bc2 Qxd1 12. Rxd1 Nd5 13. a3 Bd7 14. Bd2 Ba4
15. Bxa4+ Nxa4 16. b3 Nc5 17. Nd4 Rc8 18. Rc1 Kd7 19. b4 Nd3 20. Rxc8 Kxc8 21.
Nc3 Nxe5 22. Nxd5 exd5 23. Bc3 Nc4 24. Nf5 f6 25. a4 Kd7 26. Rd1 Bd6 27. Rxd5
Ke6 28. Rb5 b6 29. Nxg7+ Kf7 30. Nf5 Ke6 31. Nd4+ Kf7 32. Rd5 Rc8 33. g3 Be5 34.
Rd7+ Kg6 35. f4 Bb8 36. f5+ Kh6 37. Ne6 Be5 38. Be1 a5 39. bxa5 bxa5 40. Kf2 Rb8
41. Kf3 Rb1 42. Bf2 Rf1 43. Kg2 Ra1 44. h4 Rxa4 45. g4 Ra2 46. Kf3 Ra3+ 47. Ke2
Ra2+ 48. Kf3 Ra3+ 49. Kg2 Ra2 50. g5+ fxg5 51. hxg5+ Kh5 52. Rxh7+ Kg4 53. Rh4+
Kxf5 54. Rxc4 Kxe6 55. Kf3 Kf5 56. Rc5 Ra3+ 57. Ke2 Ke4 58. Rc4+ Kf5 59. Rc5 Ke4
60. g6 Ra2+ 61. Ke1 Bf6 62. Rc6 Kf5 63. Ra6 a4 64. Bc5 Rc2 65. Bb4 Rc4 66. Bd6
Kxg6 67. Kd2 Kf5 68. Kd3 Rh4 69. Ra5+ Ke6 70. Bc5 Bb2 71. Kc2 Be5 72. Ba3 Bc7
73. Rc5 Be5 74. Rb5 Rh3 75. Bb4 Rb3 76. Rb6+ Kd5 77. Ba5 Rh3 78. Rb5+ Ke6 79.
Rb6+ Kf5 80. Rb5 Ke6 81. Rb6+ Kd7 82. Ra6 Bd6 83. Bc3 a3 84. Bd4 Rf3 85. Bc3 Rh3
86. Bd4 Kc7 87. Bc3 Bc5 88. Be5+ Kb7 89. Ra5 Kb6 90. Ra8 Kb5 91. Bc3 Bd6 92. Bf6
Kc4 93. Rc8+ Kd5 94. Ra8 Bc5 95. Bg7 Kc4 96. Ra4+ Kb5 97. Ra8 Bb4 98. Rb8+ Kc4
99. Rc8+ Kd5 100. Rd8+ Kc6 101. Ra8 Bc5 102. Bc3 Kb7 103. Ra5 Kb6 104. Ra8 Kb5
105. Bf6 Kb4 106. Be5 Rf3 107. Bg7 Rf2+ 108. Kd3 a2 109. Rb8+ Ka4 110. Ra8+ Kb5
111. Rb8+ Kc6 112. Ra8 Kd5 113. Ra5 Kc6 114. Ra8 Rg2 115. Bf6 Rf2 116. Bg7 Rg2
117. Bf6 Bd6 118. Kc4 Rf2 119. Bg7 Rg2 120. Bf6 Rf2 121. Bg7 Rg2 122. Bd4 Kb7
123. Ra7+ Kc6 124. Ra6+ Kd7 125. Kb3 1/2-1/2

[Event "FIDE World Blitz 2014"]
[Site "Dubai UAE"]
[Date "2014.06.20"]
[Round "21.22"]
[White "Salem, A.R. Saleh"]
[Black "Karjakin, Sergey"]
[Result "1-0"]
[WhiteTitle "GM"]
[BlackTitle "GM"]
[WhiteElo "2581"]
[BlackElo "2771"]
[WhiteFideId "9301348"]
[BlackFideId "14109603"]
[EventDate "2014.06.19"]

1. d4 g6 2. c4 Bg7 3. Nc3 d6 4. e4 e5 5. d5 f5 6. exf5 gxf5 7. Qh5+ Kf8 8. f4
Nf6 9. Qe2 e4 10. Be3 Ng4 11. O-O-O Nxe3 12. Qxe3 Qf6 13. Nge2 Na6 14. Nd4 h5
15. Be2 Bd7 16. Kb1 c5 17. dxc6 bxc6 18. Nb3 Ke7 19. c5 Nxc5 20. Nxc5 dxc5 21.
Qxc5+ Ke8 22. Rd6 Bf8 23. Qxc6 Bxd6 24. Qxa8+ Kf7 25. Qd5+ Be6 26. Qc6 Rc8 27.
Qa6 Bxf4 28. Nd5 Qe5 29. Qxa7+ Kg6 30. Ne7+ Kh6 31. Nxc8 Bxc8 32. Rd1 Be6 33. g3
Bg5 34. Qb6 Kg7 35. Qd6 Kf6 36. Qf8+ Kg6 37. Qe8+ Kg7 38. Rd7+ 1-0

[Event "FIDE World Blitz 2014"]
[Site "Dubai UAE"]
[Date "2014.06.20"]
[Round "21.23"]
[White "Fressinet, Laurent"]
[Black "Inarkiev, Ernesto"]
[Result "1-0"]
[WhiteTitle "GM"]
[BlackTitle "GM"]
[WhiteElo "2717"]
[BlackElo "2682"]
[WhiteFideId "608742"]
[BlackFideId "4162722"]
[EventDate "2014.06.19"]

1. b3 e5 2. Bb2 d6 3. e3 Qe7 4. d4 exd4 5. Qxd4 Nc6 6. Bb5 Bd7 7. Bxc6 Bxc6 8.
Nf3 Qe4 9. Qd1 O-O-O 10. Nbd2 Qg6 11. Nd4 Qxg2 12. Rf1 Bd7 13. Qe2 Qg4 14. N4f3
f6 15. Rg1 Qh5 16. O-O-O Ne7 17. Qc4 Ng6 18. Nd4 d5 19. Qc3 Qxh2 20. N2f3 Qd6
21. Qd2 Qa6 22. Kb1 Ba3 23. Bc3 Kb8 24. Ne2 Bc8 25. Ng3 Bg4 26. Nd4 Bxd1 27.
Qxd1 Rd7 28. Ndf5 Qe6 29. Qh5 Bd6 30. Nd4 Qf7 31. Ngf5 Be5 32. Qh3 c5 33. Ne2
Bxc3 34. Nxc3 Ka8 35. Na4 b6 36. Nc3 Qe6 37. Rxg6 hxg6 38. Qxh8+ Kb7 39. Ng3 d4
40. exd4 Qe1+ 41. Kb2 cxd4 42. Nce4 Qb4 43. Qe8 Rc7 44. Qd8 f5 45. Nd6+ Kc6 46.
Nc4 Qc5 47. Ne2 Rd7 48. Qc8+ Rc7 49. Qe8+ Kb7 50. Nf4 b5 51. Ne6 Qb4 52. Nxc7
Qc3+ 53. Ka3 bxc4 54. Ne6 Qxc2 55. Qb5+ Kc8 56. Qc6+ Kb8 57. Qc7+ 1-0

[Event "FIDE World Blitz 2014"]
[Site "Dubai UAE"]
[Date "2014.06.20"]
[Round "21.24"]
[White "Sokolov, Ivan"]
[Black "Riazantsev, Alexander"]
[Result "0-1"]
[WhiteTitle "GM"]
[BlackTitle "GM"]
[WhiteElo "2650"]
[BlackElo "2692"]
[WhiteFideId "14400030"]
[BlackFideId "4125029"]
[EventDate "2014.06.19"]

1. d4 e6 2. c4 Nf6 3. Nf3 b6 4. a3 Bb7 5. Nc3 Ne4 6. Nxe4 Bxe4 7. e3 Be7 8. Bd3
d5 9. O-O O-O 10. b4 Nd7 11. Bb2 f5 12. Rc1 c6 13. cxd5 Bxd5 14. Bc4 Bd6 15. Qb3
b5 16. Bxd5 cxd5 17. a4 bxa4 18. Qxa4 Nb6 19. Qb3 Nc4 20. Bc3 Qb6 21. Rb1 a6 22.
Nd2 Rfc8 23. Rfd1 Rc7 24. Nxc4 Rxc4 25. Be1 Rb8 26. Qa4 Qb5 27. Qa2 Rb6 28. Qe2
Rxb4 29. Qh5 Rxb1 30. Rxb1 Qxb1 0-1

[Event "FIDE World Blitz 2014"]
[Site "Dubai UAE"]
[Date "2014.06.20"]
[Round "21.25"]
[White "Lu, Shanglei"]
[Black "Potkin, Vladimir"]
[Result "1-0"]
[WhiteTitle "GM"]
[BlackTitle "GM"]
[WhiteElo "2546"]
[BlackElo "2621"]
[WhiteFideId "8603332"]
[BlackFideId "4131061"]
[EventDate "2014.06.19"]

1. e4 e6 2. f4 d5 3. e5 c5 4. Nf3 Nc6 5. c3 Nh6 6. Na3 Bd7 7. Nc2 Rc8 8. d4 cxd4
9. Ncxd4 Nxd4 10. Nxd4 Bc5 11. Be3 f6 12. Qh5+ Nf7 13. exf6 Qxf6 14. Bd3 g6 15.
Qe2 e5 16. fxe5 Nxe5 17. Rf1 Qe7 18. O-O-O Rf8 19. Bb5 Rxf1 20. Rxf1 a6 21.
Bxd7+ Kxd7 22. Kb1 Re8 23. Nb3 Bxe3 24. Qxe3 Kc8 25. Re1 Qd7 26. Nd4 Re7 27. Qg5
Nc6 28. Rxe7 Nxe7 29. Qf6 Nc6 30. Ne6 b6 31. a3 Qe7 32. Qxe7 Nxe7 33. Kc2 h6 34.
Kd3 Kd7 35. Nf4 Kd6 36. g4 Ke5 37. Ke3 g5 38. Nd3+ Kd6 39. a4 Nc6 40. b4 Ne5 41.
Nf2 Nd7 42. Kd4 Ne5 43. h3 Nf3+ 44. Ke3 Ne5 45. Kd4 Nf3+ 46. Kd3 Ne5+ 47. Ke3
Nd7 48. Nd3 Ne5 49. Nxe5 Kxe5 50. a5 b5 51. Kd3 Kf4 52. Kd4 Kg3 53. Kxd5 Kxh3
54. c4 bxc4 55. Kxc4 Kxg4 56. b5 axb5+ 57. Kxb5 h5 58. a6 h4 59. a7 h3 60. a8=Q
Kg3 61. Kc4 g4 62. Kd3 Kf2 63. Qf8+ Kg2 64. Qa8+ Kf2 65. Qa2+ Kg1 66. Ke3 h2 67.
Qf2+ 1-0

[Event "FIDE World Blitz 2014"]
[Site "Dubai UAE"]
[Date "2014.06.20"]
[Round "21.26"]
[White "Kryvoruchko, Yuriy"]
[Black "Movsesian, Sergei"]
[Result "1-0"]
[WhiteTitle "GM"]
[BlackTitle "GM"]
[WhiteElo "2707"]
[BlackElo "2672"]
[WhiteFideId "14109182"]
[BlackFideId "310204"]
[EventDate "2014.06.19"]

1. e4 d6 2. d4 Nf6 3. Nc3 e5 4. Nf3 Nbd7 5. Bc4 Be7 6. O-O O-O 7. a4 a6 8. a5 b5
9. axb6 cxb6 10. Re1 Bb7 11. h3 h6 12. Bf1 b5 13. d5 Nc5 14. b4 Ncd7 15. Bd3 Rc8
16. Ne2 Nb6 17. Ng3 Re8 18. Nf5 Bf8 19. g4 Nbxd5 20. exd5 e4 21. g5 hxg5 22.
Bxg5 Qd7 23. N3d4 exd3 24. Bxf6 Rxe1+ 25. Qxe1 dxc2 26. Qe3 Bxd5 27. Rc1 g6 28.
Qg5 Bf3 29. Nh6+ Kh7 30. Ndf5 Rc4 31. Ng4 Bxg4 32. hxg4 gxf5 33. Qh5+ Bh6 34. g5
Rg4+ 35. Kf1 Rxg5 36. Bxg5 Qe6 37. Qxh6+ 1-0

[Event "FIDE World Blitz 2014"]
[Site "Dubai UAE"]
[Date "2014.06.20"]
[Round "21.27"]
[White "Efimenko, Zahar"]
[Black "Ganguly, Surya Shekhar"]
[Result "1/2-1/2"]
[WhiteTitle "GM"]
[BlackTitle "GM"]
[WhiteElo "2648"]
[BlackElo "2619"]
[WhiteFideId "14107201"]
[BlackFideId "5002150"]
[EventDate "2014.06.19"]

1. Nf3 Nf6 2. g3 g6 3. Bg2 Bg7 4. O-O O-O 5. c4 d6 6. Nc3 e5 7. d3 Nc6 8. Rb1 h6
9. b4 Be6 10. b5 Ne7 11. a4 Qc8 12. Ba3 Bh3 13. c5 Bxg2 14. Kxg2 Qe6 15. cxd6
cxd6 16. Qb3 Nfd5 17. Nxd5 Nxd5 18. Nd2 Rfd8 19. Rfc1 Rd7 20. Rc2 h5 21. e4 Nc7
22. Rbc1 Qxb3 23. Nxb3 Ne6 24. Rc8+ Rxc8 25. Rxc8+ Bf8 26. Na5 Rd8 27. Rxd8 Nxd8
28. Nc4 Ne6 29. Bxd6 Bxd6 30. Nxd6 Nc5 31. a5 Kf8 32. Kf3 Ke7 33. Nc8+ Kd7 34.
Nxa7 Nxd3 35. Ke3 Nb2 36. a6 bxa6 37. bxa6 Nc4+ 38. Kd3 Nd6 39. f4 f6 40. h4 Kc7
41. f5 gxf5 42. exf5 Kb6 43. g4 Kxa7 44. g5 Nxf5 45. gxf6 Nxh4 46. Ke4 Ng6 47.
Kf5 Nf8 48. f7 Kxa6 49. Kxe5 Kb6 50. Kf5 h4 51. Kg4 Ng6 52. Kg5 Nf8 53. Kxh4 Kc6
54. Kg5 Kd6 55. Kf6 Nd7+ 56. Kg7 Ke7 57. Kg8 Nf8 58. Kg7 Ne6+ 59. Kg8 Kf6 60.
f8=Q+ Nxf8 61. Kxf8 Ke5 1/2-1/2

[Event "FIDE World Blitz 2014"]
[Site "Dubai UAE"]
[Date "2014.06.20"]
[Round "21.28"]
[White "Amin, Bassem"]
[Black "Al-Modiahki, Mohamad"]
[Result "0-1"]
[WhiteTitle "GM"]
[BlackTitle "GM"]
[WhiteElo "2635"]
[BlackElo "2549"]
[WhiteFideId "10601457"]
[BlackFideId "12100030"]
[EventDate "2014.06.19"]

1. e4 c5 2. Nf3 g6 3. d4 cxd4 4. Qxd4 Nf6 5. e5 Nc6 6. Qa4 Nd5 7. Qe4 Ndb4 8.
Bb5 Bg7 9. Nc3 O-O 10. a3 d5 11. Qe2 Na6 12. O-O Nc7 13. Bxc6 bxc6 14. h3 Ba6
15. Qd1 Bxf1 16. Qxf1 Ne6 17. Na4 c5 18. b4 Qc7 19. Nxc5 Nxc5 20. bxc5 Qxc5 21.
Be3 Qxc2 22. Rc1 Qb3 23. Qa6 e6 24. Rc7 Qb1+ 25. Kh2 Qe4 26. Bd4 Rab8 27. Rc3
Bh6 28. Qxa7 Bd2 29. Nxd2 Qf4+ 30. Rg3 Qxd2 31. Bc5 Qf4 32. Bxf8 Rxf8 33. Qc7
Qxf2 34. a4 Qf4 35. Qe7 h5 36. Qf6 0-1

[Event "FIDE World Blitz 2014"]
[Site "Dubai UAE"]
[Date "2014.06.20"]
[Round "21.29"]
[White "Onischuk, Vladimir"]
[Black "Guseinov, Gadir"]
[Result "1/2-1/2"]
[WhiteTitle "GM"]
[BlackTitle "GM"]
[WhiteElo "2594"]
[BlackElo "2613"]
[WhiteFideId "14114038"]
[BlackFideId "13401378"]
[EventDate "2014.06.19"]

1. e4 c5 2. Nf3 g6 3. d4 cxd4 4. Nxd4 Nc6 5. Nc3 Bg7 6. Nb3 Nf6 7. g3 O-O 8. Bg2
a5 9. a4 d6 10. O-O Bd7 11. Re1 Nb4 12. h3 Rc8 13. Nd4 Bc6 14. Ndb5 Nd7 15. Re2
Ne5 16. Nd4 Nc4 17. Nd5 Bxd5 18. exd5 Qb6 19. c3 Bxd4 20. cxd4 Qa6 21. Rxe7 Nb6
22. Bh6 Rfe8 23. Qe1 Rxe7 24. Qxe7 N6xd5 25. Qd7 Qc6 26. Qxc6 bxc6 27. Re1 f6
28. h4 Kf7 29. Bh3 Re8 30. Rxe8 Kxe8 31. Bd2 f5 32. h5 Kd7 33. h6 Nc2 34. Bxa5
Nxd4 35. Bf1 c5 36. Kg2 Kc6 37. Bc4 Ne6 38. Bb5+ Kb7 39. Be8 Nf6 40. Bf7 Ng5 41.
Bc4 Ng4 42. b4 cxb4 43. Bxb4 Nxh6 44. Bxd6 Ne4 45. Bf4 g5 46. Bc1 Kc6 47. f3 Nd6
48. Bd3 Nhf7 49. a5 Ne5 50. Be2 h6 51. a6 Nc8 52. Bb2 Nd7 53. f4 gxf4 54. gxf4
Nc5 55. Bg7 Ne6 56. Bxh6 Kb6 57. Bd3 Ne7 58. Kg3 Nd5 59. Bg5 Ndc7 60. Bxf5 Nxf4
61. Bxf4 Nxa6 62. Be3+ Kc6 63. Kf4 Nc5 64. Ke5 Nd7+ 65. Kd4 Nc5 66. Bf4 Nd7 67.
Be4+ Kb6 68. Kc4 Nf6 69. Bf3 Ne8 70. Be3+ Kc7 71. Kc5 Nf6 72. Bf4+ Kd7 73. Kd4
Ke6 74. Be2 Kf5 75. Be3 Ke6 76. Bd3 Ng4 77. Bf4 Nf6 78. Bf1 Kf5 79. Bc1 Ke6 80.
Bh3+ Kf7 81. Ke5 Ne8 82. Bg5 Ng7 83. Bg4 Kg6 84. Be3 Kf7 85. Kf4 Kg6 86. Bd4 Kf7
87. Bc3 Kg6 88. Be2 Ne6+ 89. Ke5 Ng7 90. Bc4 Nh5 91. Ke6 Ng7+ 92. Ke5 Nh5 93.
Bd3+ Kf7 94. Kf5 Ng7+ 95. Kg5 Ne6+ 96. Kh6 Ke7 97. Bc4 Kd6 98. Kg6 Nf4+ 99. Kf5
Nd5 100. Bd4 Ne7+ 101. Ke4 Nc6 102. Be3 Ne7 103. Bb5 Nd5 104. Bd4 Ne7 105. Bb2
Nc6 106. Ba3+ Kc7 107. Kd5 Nd8 108. Bd6+ Kb6 109. Bd7 Nb7 110. Be5 Na5 111. Bc8
Nc6 112. Bd6 Na5 113. Bd7 Nb7 114. Bg3 Na5 115. Bf4 Nb7 116. Bc6 Na5 117. Be3+
Kc7 118. Bb5 Nb7 119. Ba6 Na5 120. Kc5 Nb7+ 121. Kb4 Nd8 122. Bf4+ Kd7 123. Bb5+
Ke6 124. Kc5 Nf7 125. Bc4+ Kf6 126. Kd4 Nd8 127. Bg3 Ne6+ 128. Ke4 Ng5+ 129. Kd5
Nf7 130. Bh4+ Kf5 131. Bd3+ Kg4 132. Bf6 Ng5 133. Bg6 Nf3 134. Ke4 Ng5+ 135. Ke3
Ne6 136. Be5 Kg5 137. Be4 Kg4 138. Bd6 1/2-1/2

[Event "FIDE World Blitz 2014"]
[Site "Dubai UAE"]
[Date "2014.06.20"]
[Round "21.31"]
[White "Georgiev, Kiril"]
[Black "Maletin, Pavel"]
[Result "1/2-1/2"]
[WhiteTitle "GM"]
[BlackTitle "GM"]
[WhiteElo "2644"]
[BlackElo "2588"]
[WhiteFideId "2900017"]
[BlackFideId "4146786"]
[EventDate "2014.06.19"]

1. c4 g6 2. Nc3 Bg7 3. g3 e5 4. Bg2 f5 5. d3 Nc6 6. Rb1 a5 7. a3 d6 8. b4 axb4
9. axb4 Nf6 10. b5 Ne7 11. Qb3 O-O 12. Nf3 h6 13. Bb2 Be6 14. Nd2 d5 15. O-O c6
16. Ra1 Bf7 17. Rxa8 Qxa8 18. Ba3 dxc4 19. Nxc4 Re8 20. bxc6 Nxc6 21. Nb5 Na5
22. Qc2 Nxc4 23. dxc4 e4 24. Bb2 Qb8 25. Rd1 Rd8 26. Rxd8+ Qxd8 27. Bd4 Qa5 28.
Bc3 Qb6 29. Bd4 Qc6 30. Na3 Nd7 31. e3 Ne5 32. Bxe5 Bxe5 33. Bf1 g5 34. Nb5 Bg6
35. Qd2 Kg7 36. Qd8 Bf6 37. Qd2 b6 38. Be2 Bf7 39. Nd6 Be6 40. Qd1 Be5 41. Nb5
Bxc4 42. Bxc4 Qxc4 43. Qd7+ Qf7 44. Qc6 Qf6 45. Qd7+ Qf7 46. Qc6 Qf6 1/2-1/2

[Event "FIDE World Blitz 2014"]
[Site "Dubai UAE"]
[Date "2014.06.20"]
[Round "21.32"]
[White "Anton Guijarro, David"]
[Black "Lenic, Luka"]
[Result "1-0"]
[WhiteTitle "GM"]
[BlackTitle "GM"]
[WhiteElo "2631"]
[BlackElo "2659"]
[WhiteFideId "2285525"]
[BlackFideId "14603853"]
[EventDate "2014.06.19"]

1. e4 e5 2. Nf3 Nc6 3. Bb5 a6 4. Ba4 g6 5. d3 Bg7 6. c3 d6 7. Bg5 Nf6 8. h3 Bd7
9. Qd2 O-O 10. Bh6 Nh5 11. Bxg7 Kxg7 12. Na3 b5 13. Bb3 Na5 14. Nc2 Nxb3 15.
axb3 a5 16. Ne3 Be6 17. c4 c6 18. O-O Nf4 19. Kh2 h6 20. d4 Qf6 21. d5 cxd5 22.
cxd5 Bd7 23. Ng1 a4 24. bxa4 bxa4 25. g3 Nh5 26. Rfc1 Rfc8 27. Ng4 Qg5 28. Qxg5
hxg5 29. Ne3 Bb5 30. Nf3 f6 31. Nd2 Rxc1 32. Rxc1 Ra7 33. Rc8 Rb7 34. Ndc4 Bxc4
35. Nxc4 Rb4 36. Kg2 f5 37. exf5 gxf5 38. Nxd6 Rxb2 39. Nxf5+ Kf6 40. Rf8+ Kg6
41. Ne7+ Kg7 42. Ra8 Kf6 43. Nc6 e4 44. d6 Ke6 45. Nd4+ Kxd6 46. Rxa4 Nf6 47.
Nf5+ Ke6 48. Ne3 Rb5 49. Ra6+ Kf7 50. g4 Rc5 51. Kg3 Rb5 52. h4 gxh4+ 53. Kxh4
Nd5 54. Nxd5 Rxd5 55. Ra4 Rd2 56. Kg3 Rd3+ 57. Kg2 e3 58. f3 Rd2+ 59. Kg3 Rd1
60. Re4 Re1 61. Kf4 e2 62. Ke3 Kf6 63. Kf2 Ra1 64. Rxe2 Kg5 65. Re5+ Kf6 66.
Rf5+ Kg6 67. Kg3 Ra4 68. Rb5 Rc4 69. Rb6+ Kg7 70. Kh4 Rc5 71. f4 Ra5 72. f5 Ra4
73. Kg5 Kg8 74. Rb7 Kf8 75. Kh5 Kg8 76. g5 Ra6 77. f6 Ra8 78. Kg6 Kh8 79. Rh7+
Kg8 80. f7+ 1-0

[Event "FIDE World Blitz 2014"]
[Site "Dubai UAE"]
[Date "2014.06.20"]
[Round "21.34"]
[White "Jobava, Baadur"]
[Black "Shyam, Sundar M."]
[Result "1-0"]
[WhiteTitle "GM"]
[BlackTitle "GM"]
[WhiteElo "2713"]
[BlackElo "2468"]
[WhiteFideId "13601520"]
[BlackFideId "5019141"]
[EventDate "2014.06.19"]

1. e4 c6 2. c4 d5 3. cxd5 cxd5 4. exd5 Nf6 5. Qa4+ Nbd7 6. Nc3 g6 7. Nf3 Bg7 8.
Bc4 O-O 9. d3 a6 10. Qa3 Nb6 11. Qb3 Ne8 12. Be3 Nd7 13. a4 Nd6 14. a5 Nf5 15.
O-O Rb8 16. Bf4 Ra8 17. Rfe1 h6 18. h3 Kh7 19. Qa3 b5 20. axb6 Nxb6 21. Ne4 Nxd5
22. Bd2 Rb8 23. Rab1 Nb6 24. Bc3 Bxc3 25. Qxc3 Bb7 26. b3 Rc8 27. Rbd1 Nxc4 28.
dxc4 Qc7 29. g4 Bxe4 30. Rxe4 Nd6 31. Re2 a5 32. Ra1 Rb8 33. Nd4 Rfc8 34. Qxa5
Ra8 35. Qe1 Rxa1 36. Qxa1 Rb8 37. Qc3 e5 38. Rxe5 Ra8 39. c5 Nc8 40. Re8 Qf4 41.
Rh8+ 1-0

[Event "FIDE World Blitz 2014"]
[Site "Dubai UAE"]
[Date "2014.06.20"]
[Round "21.36"]
[White "Goloshchapov, Alexander"]
[Black "Moiseenko, Alexander"]
[Result "0-1"]
[WhiteTitle "GM"]
[BlackTitle "GM"]
[WhiteElo "2586"]
[BlackElo "2707"]
[WhiteFideId "14103222"]
[BlackFideId "14102560"]
[EventDate "2014.06.19"]

1. d4 Nf6 2. c4 e6 3. Nf3 Bb4+ 4. Nbd2 O-O 5. a3 Be7 6. e4 d6 7. Be2 c5 8. d5
Re8 9. O-O Nbd7 10. Re1 Nf8 11. b4 b6 12. Rb1 Ng6 13. Bf1 Bf8 14. a4 cxb4 15.
Rxb4 e5 16. Rb1 Nd7 17. Nb3 a5 18. Be3 Ba6 19. Nfd2 h6 20. g3 Be7 21. h4 Rc8 22.
Qf3 Rb8 23. Rec1 Bc8 24. Bh3 Nf6 25. Bxc8 Qxc8 26. Na1 Bd8 27. Nc2 Ng4 28. Rb5
Rf8 29. Rcb1 Nxe3 30. Nxe3 Ne7 31. Nf5 Qc7 32. Qg4 g6 33. Nxe7+ Qxe7 34. Rxa5
Kh7 35. Rab5 f5 36. Qe2 Ra8 37. a5 Rxa5 38. Rxa5 bxa5 39. c5 dxc5 40. Qa6 Rf7
41. d6 Qf6 42. Qc6 f4 43. Rb7 fxg3 44. Rxf7+ Qxf7 45. fxg3 g5 46. h5 Bf6 47. d7
Bd8 48. Qd6 a4 49. Qxc5 Qxd7 50. Qxe5 Bb6+ 51. Kf1 a3 52. Qf6 0-1

[Event "FIDE World Blitz 2014"]
[Site "Dubai UAE"]
[Date "2014.06.20"]
[Round "21.37"]
[White "Ragger, Markus"]
[Black "Ipatov, Alexander"]
[Result "1-0"]
[WhiteTitle "GM"]
[BlackTitle "GM"]
[WhiteElo "2632"]
[BlackElo "2613"]
[WhiteFideId "1610856"]
[BlackFideId "14116731"]
[EventDate "2014.06.19"]

1. d4 d5 2. c4 e6 3. Nf3 Nf6 4. g3 Be7 5. Bg2 O-O 6. O-O dxc4 7. Qc2 b5 8. a4 b4
9. Ne5 Qxd4 10. Nxc4 c6 11. Nbd2 Qd8 12. Nb3 a5 13. Rd1 Nbd7 14. Bxc6 Ra7 15.
Be3 Rc7 16. Bb6 Nxb6 17. Rxd8 Rxd8 18. Nxb6 h5 19. Nxa5 h4 20. gxh4 e5 21. Rd1
Rf8 22. Qb3 Bc5 23. Nd5 Nxd5 24. Bxd5 Bf5 25. Qg3 Re8 26. e4 Bc8 27. Nb3 Ba7 28.
Rc1 Rxc1+ 29. Nxc1 Bd7 30. Nd3 Bd4 31. Nxb4 Rc8 32. Qf3 Rc1+ 33. Kg2 Be8 34. a5
Rb1 35. Nc6 Rxb2 36. Nxd4 1-0

[Event "FIDE World Blitz 2014"]
[Site "Dubai UAE"]
[Date "2014.06.20"]
[Round "21.38"]
[White "Ghaem Maghami, Ehsan"]
[Black "Tkachiev, Vladislav"]
[Result "1/2-1/2"]
[WhiteTitle "GM"]
[BlackTitle "GM"]
[WhiteElo "2582"]
[BlackElo "2625"]
[WhiteFideId "12500739"]
[BlackFideId "618438"]
[EventDate "2014.06.19"]

1. e4 d6 2. d4 g6 3. Nf3 Nf6 4. Nc3 Bg7 5. h3 O-O 6. Be3 c6 7. a4 Qc7 8. Bc4
Nxe4 9. Nxe4 d5 10. Bd3 dxe4 11. Bxe4 c5 12. c3 cxd4 13. Nxd4 a6 14. O-O Nd7 15.
Nb3 Nf6 16. Bf3 Bf5 17. Nd4 Bd7 18. Qb3 e5 19. Nc2 Bf5 20. Rac1 Be4 21. Bxe4
Nxe4 22. Nb4 Kh8 23. Rfd1 f5 24. Nd5 Qf7 25. Re1 Rac8 26. c4 f4 27. Bb6 Nd6 28.
Qb4 Nxc4 29. Nc7 Nxb6 30. Qxb6 Qf6 31. Qxb7 e4 32. Qxe4 Qxb2 33. Rb1 Qc3 34. Ne6
Rce8 35. Qd5 Rf6 36. Rec1 Qa3 37. Nxg7 Kxg7 38. Rc7+ Re7 39. Qe5 Rxc7 40. Qxc7+
Kh6 41. a5 f3 42. g3 Qd6 43. Qc1+ Kg7 44. Rb7+ Rf7 45. Qc3+ Qf6 46. Rxf7+ Kxf7
47. Qc7+ Kg8 48. Qc8+ Kg7 49. Qb7+ Kh6 50. Qb6 Qa1+ 51. Kh2 Qe1 52. g4 Qd2 53.
Kg3 Qd3 54. h4 Kg7 55. Qc7+ Kg8 56. Qb8+ Kg7 57. Qc7+ Kg8 58. Qb8+ Kg7 59. Qc7+
Kg8 1/2-1/2

[Event "FIDE World Blitz 2014"]
[Site "Dubai UAE"]
[Date "2014.06.20"]
[Round "21.39"]
[White "Ringoir, Tanguy"]
[Black "Mchedlishvili, Mikheil"]
[Result "1/2-1/2"]
[WhiteTitle "IM"]
[BlackTitle "GM"]
[WhiteElo "2506"]
[BlackElo "2632"]
[WhiteFideId "208027"]
[BlackFideId "13600966"]
[EventDate "2014.06.19"]

1. d4 Nf6 2. c4 e6 3. Nc3 Bb4 4. Qc2 O-O 5. a3 Bxc3+ 6. Qxc3 d6 7. g3 e5 8. Nf3
e4 9. Nd2 d5 10. Bg2 c6 11. Nf1 Re8 12. Bg5 Be6 13. Ne3 Nbd7 14. O-O h6 15. Bxf6
Nxf6 16. Rac1 Qd7 17. cxd5 cxd5 18. Qb4 Rec8 19. h4 b6 20. a4 Rxc1 21. Rxc1 Rc8
22. Rxc8+ Qxc8 23. Qd2 Qc7 24. b3 Qd6 25. Nc2 Qc7 26. Ne3 Qd6 27. Nc2 Qc7 28.
Ne3 1/2-1/2

[Event "FIDE World Blitz 2014"]
[Site "Dubai UAE"]
[Date "2014.06.20"]
[Round "21.44"]
[White "Sandipan, Chanda"]
[Black "Bartel, Mateusz"]
[Result "1-0"]
[WhiteTitle "GM"]
[BlackTitle "GM"]
[WhiteElo "2594"]
[BlackElo "2641"]
[WhiteFideId "5004225"]
[BlackFideId "1112635"]
[EventDate "2014.06.19"]

1. d4 d5 2. Bf4 c6 3. e3 g6 4. Nf3 Bg7 5. Bd3 Bg4 6. Nbd2 Nd7 7. O-O e5 8. dxe5
Nxe5 9. Be2 Nxf3+ 10. Bxf3 Bxf3 11. Nxf3 Qe7 12. c3 Nf6 13. h3 Ne4 14. Nd2 Nc5
15. Nb3 Ne6 16. Bg3 O-O 17. Nd4 Nc5 18. Qc2 Ne4 19. Bh2 Rad8 20. Rfd1 f5 21. c4
Rfe8 22. Rac1 Kh8 23. c5 Rf8 24. b4 a6 25. Re1 Rde8 26. Rcd1 Ng5 27. Bd6 Qf7 28.
Bxf8 Rxf8 29. Qe2 Ne4 30. Qd3 g5 31. f3 Ng3 32. Ne2 Nh5 33. Rf1 Re8 34. e4 dxe4
35. fxe4 f4 36. Qd7 Qg6 37. Qf5 Qxf5 38. exf5 Bf6 39. Rfe1 Ng7 40. Nc1 Rxe1+ 41.
Rxe1 Nxf5 42. Re8+ Kg7 43. Rb8 Ng3 44. Kf2 Bd4+ 45. Kf3 Kf6 46. Ne2 Be5 47. Rxb7
Nf1 48. Rxh7 Kf5 49. Rf7+ Ke6 50. Ra7 Kf5 51. Rxa6 Nd2+ 52. Kf2 Ne4+ 53. Ke1 Nf6
54. Rxc6 Nd5 55. b5 Ne3 56. Kf2 Nd1+ 57. Kf3 Nb2 58. Rc8 Nc4 59. b6 Na5 60. c6 1-0